000 00700nam a2200265Ia 4500
003 OSt
005 20221006142717.0
006 a|||||r|||| 00| 0
007 ta
008 221006b |||||||| |||| 00| 0 eng d
020 _a0691054436
_c515.00
024 _a7,000
037 _cTextual
040 _aEASL
_cEASL
_beng
041 _2eng
_aeng
082 _aQ63y7M37, M5
100 _aNOTEHELFER F G
245 0 _aAmerican samurai
_b Captain L.L. Janes and Japan
260 _aPrinceton
_bPrinceton University Press
_c1985
300 _a386p.
_ccm.
490 _v JEL
650 _aJEL
942 _hQ63y7M37, M5
_cTEXL
_2CC
999 _c1075086
_d1075086